000 00567nam a2200181Ia 4500
008 090630s9999 xx 000 0 und d
082 _b23087
100 _aमहाजन भास्कर.
245 _aइच्छाधारी.
_cमहाजन भास्कर.
260 _bशांती - पुणे.
300 _a0
600 _aमहाजन भास्कर.
630 _aइच्छाधारी.
655 _a---
700 _aमहाजन भास्कर.
730 _aइच्छाधारी.
942 _cBOOK
999 _c274943
_d274943